Trenerzy Mistrzów Włoch w XXI wieku - Statystyki

Ogólne statystyki
  • Ten quiz został rozwiązany 68 razy
    23 od ostatniego zresetowania
  • Średni wynik to 20 z 25
Statystyki odpowiedzi
Sezon Klub Trener % Poprawnych
2023/24 Inter Simone Inzaghi
100%
2024/25 Napoli Antonio Conte
95%
2020/21 Inter Antonio Conte
95%
2013/14 Juventus Antonio Conte
95%
2012/13 Juventus Antonio Conte
95%
2011/12 Juventus Antonio Conte
95%
2018/19 Juventus Massimiliano Allegri
95%
2017/18 Juventus Massimiliano Allegri
95%
2016/17 Juventus Massimiliano Allegri
95%
2015/16 Juventus Massimiliano Allegri
95%
2014/15 Juventus Massimiliano Allegri
95%
2010/11 Milan Massimiliano Allegri
95%
2009/10 Inter Jose Mourinho
80%
2008/09 Inter Jose Mourinho
80%
2022/23 Napoli Luciano Spaletti
80%
2003/04 Milan Carlo Ancelotti
75%
2019/20 Juventus Maurizio Sarri
75%
2021/22 Milan Stefano Pioli
65%
2002/03 Juventus Marcello Lippi
60%
2001/02 Juventus Marcello Lippi
60%
2004/05 Juventus* Fabio Capello
55%
2000/01 Roma Fabio Capello
55%
2007/08 Inter Roberto Mancini
40%
2006/07 Inter Roberto Mancini
40%
2005/06 Inter Roberto Mancini
40%
Nie znaleziono quizów pasujących do podanych kryteriów
Rozkład punktacji
Procent ludzi z każdym wynikiem
Percentyl według liczby udzielonych odpowiedzi
Twoja historia wyników
Nie rozwiązałeś tego quizu od ostatniego zresetowania